LIBRARY & INFORMATION CENTRE, KCAET, TAVANUR

ONLINE PUBLIC ACCESS CATALOGUE (OPAC)

Community development and panchayati raj in India / (Record no. 2504)

MARC details
000 -LEADER
fixed length control field 00411cam a2200157ua 4500
041 ## - LANGUAGE CODE
Language code of text/sound track or separate title eng
082 ## - DEWEY DECIMAL CLASSIFICATION NUMBER
Classification number 307.14
Item number SUG/CO
100 ## - MAIN ENTRY--AUTHOR NAME
Personal name Sugan chand Jain, .
245 ## - TITLE STATEMENT
Title Community development and panchayati raj in India /
250 ## - EDITION STATEMENT
Edition statement 1 /
260 ## - PUBLICATION, DISTRIBUTION, ETC. (IMPRINT)
Place of publication :
Name of publisher Allied publishers ,
Year of publication 1967.
300 ## - PHYSICAL DESCRIPTION
Number of Pages 656 ; .
942 ## - ADDED ENTRY ELEMENTS (KOHA)
Koha item type Books
Holdings
Withdrawn status Lost status Damaged status Home library Current library Date acquired Full call number Accession Number Koha item type
Withdrawn     KAUAET Sanskrit University 07/04/2012 307.14 11425 Books
free website counter